00421nam a2200157Ia 4500008004100000020001500041041001200056082001600068100002400084245006500108250000800173260003700181300001000218650001900228700001600247221030s9999 xx 000 0 und d a812591112X aEnglish a105.23bIye aN. C. S. N. Iyenger 0aEngineering Mathematicscby N. C. S. N. Iyenger, B. Baskaran a2nd bVikas Pub HouseaNew Delhic2001 a11.39 aBE Mathematics aB. Baskaran